• 首页
  • 本馆介绍
  • 公告通知
  • 最新文献
  • 馆藏检索
  • 电子资源
  • 读者导购
  • 参考咨询
  • 我的图书馆
  • 登录
  • 详细信息显示
  • 放入我的书架
  • 预约/预借图书
  • 作者相关作品
  • 分类相关作品
  • 丛书相关作品
  • 出版社相关作品

书目信息

  • 表格格式
  • 工作单格式
  • 卡片格式
题名:
一个革命士兵的回忆
    
 
作者: 李卜克内西 , Libeknecht 著 ;舒昌善 译
分册:  
出版信息: 北京   人民出版社  1980
页数: 402页
开本: 19cm
丛书名:
单 册:
中图分类: K835.167.4 , I516.4
科图分类:
主题词: 文学
电子资源:
ISBN:
000 00925nam0 2200301 45
001 1547590012
005 20170927093005.35
010    @dCNY1.25
091    @aCN@b11001.410
100    @a19950512d1980 em y0chiy0121 ea
101 1  @achi@cger
102    @aCN@b110000
105    @af z 000yy
200 10 @a一个革命士兵的回忆@Ayi ge ge ming shi bing de hui yi@f(德)李卜克内西(W. Liebknecht)著@g舒昌善译
210    @a北京@c人民出版社@d1980
215    @a402页@c插图@d19cm
300    @a书名原文:Erinnerungen Eines Soldaten der Revolution
510 1  @aErinnerungen Eines Soldaten der Revolution@zger
600  1 @a李卜克内西@bW.@x回忆录
606 0  @a文学
690    @aK835.167.4@v3
690    @aI516.4@v4
701  1 @a李卜克内西@Ali bu ke nei xi@bW.@4著
701 A1 @aLibeknecht@bW.@4著
702  0 @a舒昌善@Ashu chang shan@4译
801  0 @aCN@bTSSF@c20150120
801  2 @aCN@bNLC
905    @aZUCC@dI516.4@eJY56
    
    一个革命士兵的回忆/(德)李卜克内西(W. Liebknecht)著/舒昌善译.-北京:人民出版社,1980
    402页:插图;19cm
    书名原文:Erinnerungen Eines Soldaten der Revolution
    
    ISBN :CNY1.25
    
●
相关链接 在E读中查询图书 在五车中查询图书 在当当中查询图书 在豆瓣中查询图书


正题名:一个革命士兵的回忆     索取号:I516.4/JY56         预约/预借

序号 登录号 条形码 馆藏地/架位号 状态 备注
1 7849868   278498680   学院路分馆/ [索取号:I516.4/JY56] 在馆    
唐山师范学院图书馆 欢迎您!
大连网信软件有限公司© 版权所有